• 首页
  • 本馆介绍
  • 公告通知
  • 最新文献
  • 馆藏检索
  • 电子资源
  • 读者导购
  • 参考咨询
  • 我的图书馆
  • 登录
  • 详细信息显示
  • 放入我的书架
  • 预约/预借图书
  • 作者相关作品
  • 分类相关作品
  • 丛书相关作品
  • 出版社相关作品

书目信息

  • 表格格式
  • 工作单格式
  • 卡片格式
题名:
中国交通地理
    
 
作者: 陈航 主编
分册:  
出版信息: 北京   科学出版社  2000.08
页数: 287页
开本: 16开
丛书名: 中国人文地理丛书
单 册:
中图分类: F512.99
科图分类:
主题词: 交通运输经济--概况--世界
电子资源:
ISBN: 7-03-008286-9
000 00628nam0 2200217 45
001 0103221676
005 20031219104049.1
010    @a7-03-008286-9@b精装@dCNY43.00
100    @a20010322d2000 km y0chiy0120 ea
101 0  @achi
105    @a z 000yy
200 1  @a中国交通地理@AZhong Guo Jiao Tong Di Li@f陈航主编@FChen Hang Zhu Bian
210    @a北京@c科学出版社@d2000.08
215    @a287页@d16开
225    @a中国人文地理丛书
410    @12001 @a中国人文地理丛书
606 0  @a交通运输经济@x概况@y世界
690    @aF512.99@v1
701  0 @a陈航@4主编
801    @aCN@bTSTC@c20010322
905    @b295912-916@dF512.99@e7@f5
    
    中国交通地理/陈航主编.-北京:科学出版社,2000.08
    287页;16开.-(中国人文地理丛书)
    
    
    ISBN 7-03-008286-9(精装):CNY43.00
    
●
相关链接 在E读中查询图书 在五车中查询图书 在当当中查询图书 在豆瓣中查询图书


正题名:中国交通地理     索取号:F512.99/7         预约/预借

序号 登录号 条形码 馆藏地/架位号 状态 备注
1 0295912   002959123   第一借阅区/ [索取号:F512.99/7] 在馆    
2 0295913   002959132   第一借阅区/ [索取号:F512.99/7] 在馆    
3 0295914   002959141   第一借阅区/ [索取号:F512.99/7] 在馆    
4 0295915   002959150   第一借阅区/ [索取号:F512.99/7] 在馆    
5 0295916   002959169   第一样本阅览室/ [索取号:F512.99/7] 在馆    
唐山师范学院图书馆 欢迎您!
大连网信软件有限公司© 版权所有